Porovnanie daňovo-odvodového zaťaženia vybraného živnostníka a s.r.o. v SR diplomová práca

Salvato in:
Dettagli Bibliografici
Autore principale: Hornáčková, Radoslava
Ente Autore: Národohospodárska fakulta EU. Katedra financií
Altri autori: Rabatinová, Marcela, 1977-
Natura: Libro
Lingua:slovacco
Pubblicazione: Bratislava 2022
Tags: Aggiungi Tag
Nessun Tag, puoi essere il primo ad aggiungerne!!

MARC

LEADER 00000nbm a2200000 4500
001 0283973
005 20221025133741.4
041 0 |a slo 
044 |a SK 
245 1 0 |a Porovnanie daňovo-odvodového zaťaženia vybraného živnostníka a s.r.o. v SR  |b diplomová práca  |c Radoslava Hornáčková ; školiteľ: Marcela Rabatinová 
264 1 |a Bratislava  |c 2022 
300 |a 78 s. 
100 1 |a Hornáčková, Radoslava 
700 1 |a Rabatinová, Marcela, 1977- 
710 2 |a Národohospodárska fakulta EU. Katedra financií